Sales of land (Record no. 66981)

MARC details
000 -LEADER
fixed length control field 00930cam a2200229 4500
001 - CONTROL NUMBER
control field WB3718-28
008 - FIXED-LENGTH DATA ELEMENTS--GENERAL INFORMATION
fixed length control field 000000n2001 000 0 eng u
035 ## - SYSTEM CONTROL NUMBER
System control number (Sirsi) u112543
245 ## - TITLE STATEMENT
Title Sales of land
260 ## - PUBLICATION, DISTRIBUTION, ETC.
Date of publication, distribution, etc. 2001
490 ## - SERIES STATEMENT
Series statement Farmers' Weekly
Volume/sequential designation 134(18) 4 May 2001, 94
490 ## - SERIES STATEMENT
Series statement Farmers Guardian
Volume/sequential designation 4 May 2001, 37(3)
520 ## - SUMMARY, ETC.
Summary, etc. Two articles present differing views on the state of the land market since the outbreak of foot and mouth. FPD Savills believes confidence is returning to the land market with agents showing farms that have been on hold since the crisis began. Whilst the view from a selection of land agents around the country, seems to be that land sales in livestock areas are very quiet.
590 ## - LOCAL NOTE (RLIN)
Local note WB
650 ## - SUBJECT ADDED ENTRY--TOPICAL TERM
Topical term or geographic name entry element FOOT-AND-MOUTH DISEASE
650 ## - SUBJECT ADDED ENTRY--TOPICAL TERM
Topical term or geographic name entry element FPD SAVILLS
650 ## - SUBJECT ADDED ENTRY--TOPICAL TERM
Topical term or geographic name entry element LAND SALES
650 ## - SUBJECT ADDED ENTRY--TOPICAL TERM
Topical term or geographic name entry element FARMLAND
650 ## - SUBJECT ADDED ENTRY--TOPICAL TERM
Topical term or geographic name entry element FARMLAND MARKET
690 ## - LOCAL SUBJECT ADDED ENTRY--TOPICAL TERM (OCLC, RLIN)
Topical term or geographic name as entry element RURAL-MARKET
942 ## - ADDED ENTRY ELEMENTS (KOHA)
Suppress in OPAC 0
Holdings
Withdrawn status Lost status Source of classification or shelving scheme Damaged status Not for loan Home library Current library Shelving location Date acquired Total Checkouts Full call number Barcode Date last seen Copy number Price effective from Koha item type
    Dewey Decimal Classification     London London News article 10/05/2001   WB3718-28 112543-1001 06/08/2019 1 06/08/2019 News article